|
|
|
|
| LEADER |
00000nam a2200000 a 4500 |
| 001 |
UCV3714 |
| 003 |
CL-VaPUC |
| 008 |
910704e19710000US |||||||||||||||||eng|d |
| 082 |
0 |
4 |
|a 641.12
|b SCR
|2 21
|
| 100 |
0 |
|
|a Scrimshaw, Nevin S
|e author
|9 298021
|
| 700 |
0 |
|
|a Altschul, Aaron Mayer
|e author
|9 298022
|
| 245 |
1 |
0 |
|a Amino acid fortification of protein foods
|
| 300 |
|
|
|a 664 p
|
| 942 |
|
|
|c BK
|
| 945 |
|
|
|d 19910704 00:00:00
|
| 260 |
|
|
|a Cambridge
|b MIT
|c 1971
|
| 650 |
|
0 |
|a Alimentos enriquecidos
|9 259614
|
| 650 |
|
0 |
|a Congresos
|9 257560
|
| 650 |
|
0 |
|a Nutrición
|9 259434
|
| 650 |
|
0 |
|a Proteínas
|9 298023
|
| 650 |
|
0 |
|a Aminoácidos
|9 259616
|
| 583 |
|
|
|a last modification
|c 19910704 00:00:00
|k Rodrigo Vera
|
| 999 |
|
|
|c 210853
|d 210851
|
| 952 |
|
|
|0 0
|1 0
|4 0
|6 641_120000000000000_SCR_1971
|7 0
|8 A
|9 187788
|a BIBALI
|b BIBALI
|d 2019-11-14
|i 2553147
|o 641.12 SCR 1971
|p 2553147
|r 2025-01-20
|w 2019-11-14
|y BK
|k ALI
|